000 01043nam a22002537a 4500
001 BRCA_9374
003 FranzMayer
005 20230918123747.0
008 230830b |||||||| |||| 00| 0 eng d
020 _a9789587530377
040 _aMFM
_bESPAÑOL
_cMFM
050 0 _aAM151.C7
_bM74 2012
110 1 _4Rsponsable
_aMuseo colonial
_929395
240 _aUna vida para contemplar
_hSerie inédita: vida de Santa Inés de Montepulciano O.P.
_lEspañol
245 0 _aUna vida para contemplar
_bSerie inédita: vida de Santa Inés de Montepulciano O.P.
260 _aColombia
_bBogotá: Ministerio de cultura
_c2012
300 _a107 p
_bIlustraciones a color
_c23 cm
500 _aAnexo 1
505 _aTexto en: españolIncluye índice temáticoDirigido a: artistas, museógrafos e historiadores de arte
650 1 _2Museos
_aColecciones
_vExposiciones en museos
_929396
651 2 _2Colombia
_aMuseo colonial
_vVida de Santa Inés de Montepulciano O.P.
_929397
710 1 _4Cool
_aMuseo-Iglesia Santa Clara
_929398
942 _2lcc
_cB
999 _c10996
_d10996